00403nam a2200157Ia 45000010006000000050017000060080041000230410008000640820024000721000022000962450074001182600009001923000028002016500008002296540008002371007420260306161805.0260306t2009||||xx |||||||||||||| ||spa|| aESP aGR 880.09bL51 V. 1 aLesky, AlbineAUT 0aHistoria de la literatura griega:bde los comienzos a la polis griega c2009 a802 páginas :c24 cm. aGEN aCHU